|
|
|
|
| LEADER |
00000nam a2200000Ia 4500 |
| 008 |
180711b1992 -us||||| |||| 00| | eng d |
| 999 |
|
|
|c 2214
|d 2214
|
| 090 |
|
|
|a 18.01.00
|b 527
|
| 100 |
|
|
|a Glesne, Corrine
|9 3989
|
| 245 |
1 |
0 |
|a Becoming Qualitative Researchers : an introductión /
|c Corrine Glesne, Alan Peshkin
|
| 260 |
|
|
|a New York, Estados Unidos :
|b Longman,
|c 1992
|
| 300 |
|
|
|a 199 páginas
|
| 650 |
1 |
4 |
|a INVESTIGACIÓN CUALITATIVA
|9 317
|
| 650 |
1 |
4 |
|a MÉTODOS DE INVESTIGACIÓN
|9 288
|
| 650 |
1 |
4 |
|a CIENCIAS SOCIALES
|9 276
|
| 700 |
|
|
|a Peshkin, Alan
|9 319
|
| 942 |
|
|
|i 00911
|h 18.01.00 527
|2 z
|c 01
|